The Netherlands practical commercial law

Sparad:
Bibliografiska uppgifter
Huvudupphovsman: Hoyng, Willem A.
Materialtyp: Bok
Språk:Undetermined
Publicerad: London Longman 1992
Ämnen:
Taggar: Lägg till en tagg
Inga taggar, Lägg till första taggen!
Thư viện lưu trữ: Trung tâm Học liệu Trường Đại học Cần Thơ
LEADER 00552nam a2200193Ia 4500
001 CTU_27149
008 210402s9999 xx 000 0 und d
020 |c 182.50 
082 |a 346.07 
082 |b H868 
100 |a Hoyng, Willem A. 
245 4 |a The Netherlands practical commercial law 
245 0 |c Willem A. Hoyng, Francine M. Schlingmann, Julie A. Roelvink 
260 |a London 
260 |b Longman 
260 |c 1992 
650 |a Commercial law 
904 |i Minh, Giang sửa 
980 |a Trung tâm Học liệu Trường Đại học Cần Thơ